3 biggest countries by continent - Statistics

General Stats
  • This quiz has been taken 23 times
  • The average score is 16 of 18
Answer Stats
Hint Answer % Correct
Oceania Australia
100%
China
100%
Asia Russia
100%
Europe Russia
100%
United States of America
100%
Argentina
95%
South America Brazil
95%
North America Canada
95%
France
95%
Mexico
95%
New Zealand
95%
Africa Algeria
91%
India
91%
Ukraine
91%
Papua New Guinea
86%
Peru
86%
Sudan
77%
DRC
45%
No matching quizzes found
Score Distribution
Percent of People with Each Score
Percentile by Number Answered
Your Score History
You have not taken this quiz